000
00235nam a2200097Ia 4500
001
718991
005
20250826163034.0
008
250824s9999 xx 000 0 und d
245
0
_a
OSMAN GAZİ
_c
MUSTAFA AKGÜN
260
_b
PANAMA YAYINLARI
999
_c
718991
_d
718991